Central Library OPAC University of Rajshahi

Hindu places of pilgrimage in India : (Record no. 56994)

MARC details
000 -LEADER
fixed length control field 00804nam a2200265 a 4500
001 - CONTROL NUMBER
control field 56994
003 - CONTROL NUMBER IDENTIFIER
rucl marc code BD-RjUL
005 - DATE AND TIME OF LATEST TRANSACTION
control field 20211209080446.0
008 - FIXED-LENGTH DATA ELEMENTS--GENERAL INFORMATION
fixed length control field 161205s1989 caua b 001 0 eng
020 ## - INTERNATIONAL STANDARD BOOK NUMBER
International Standard Book Number 0520021355
035 ## - SYSTEM CONTROL NUMBER
System control number (BD-RjUL)57118
040 ## - CATALOGING SOURCE
Original cataloging agency DLC
Transcribing agency DLC
Modifying agency DLC
Language of cataloging eng
041 ## - LANGUAGE CODE
Language code of text/sound track or separate title eng
082 00 - DEWEY DECIMAL CLASSIFICATION NUMBER
Classification number 294.538
Edition number 23
Author mark and year BHH 1989
100 1# - MAIN ENTRY--PERSONAL NAME
Personal name Bhardwaj, Surinder Mohan.
9 (RLIN) 169373
245 10 - TITLE STATEMENT
Title Hindu places of pilgrimage in India :
Remainder of title a study in cultural geography. /
260 ## - PUBLICATION, DISTRIBUTION, ETC. (IMPRINT)
Place of publication, distribution, etc. Berkeley :
Name of publisher, distributor, etc. University of California Press,
Date of publication, distribution, etc. 1989
300 ## - PHYSICAL DESCRIPTION
Pagination xviii, 258 p. :
Illustrations illus. ;
Size 24 cm.
350 ## - PRICE (NR) (BK AM CF MU VM SE) [OBSOLETE]
Price $12.00
504 ## - BIBLIOGRAPHY, ETC. NOTE
Bibliography, etc Bibliography: p. 233-247.
650 #0 - SUBJECT ADDED ENTRY--TOPICAL TERM
Topical term or geographic name as entry element Pilgrims and pilgrimages
Geographic subdivision India.
9 (RLIN) 169374
Topical term or geographic name as entry element Hindu shrines
Geographic subdivision India.
9 (RLIN) 169375
942 ## - ADDED ENTRY ELEMENTS (KOHA)
Source of classification or shelving scheme Dewey Decimal Classification
Koha item type Books
Holdings
Lost status Source of classification or shelving scheme Damaged status Not for loan Collection code Permanent Location Current Location Shelving location Date acquired Source of acquisition Cost, normal purchase price Total Checkouts Full call number Date last seen Copy number Koha item type
  Dewey Decimal Classification   Not For Loan Non-fiction Central Library, University of Rajshahi Central Library, University of Rajshahi Reading Room 19/06/1999 dhaka, paragon Enterprice ltd. 93.00   294.538 BHH 1989 05/12/2016 C-1 Books